| 000 | 00727nam a22002297a 4500 | ||
|---|---|---|---|
| 005 | 20170124110017.0 | ||
| 010 | _aA-424674 | ||
| 020 |
_a 8185126384 _c120.00 |
||
| 035 | _aA-424674 | ||
| 037 | _bCen Lib/Ret | ||
| 040 |
_aDPL _bEN |
||
| 082 |
_a337.54047 _bPUN |
||
| 100 |
_aPunia, Narendra Kumar _988859 |
||
| 245 |
_aThe dynamics of Indo-Soviet economic relations : _b1953-1990 / _cby Narendra Kumar Punia |
||
| 260 |
_aMeerut _bAnu Books _c1990 |
||
| 270 |
_aSivaji Road _bMeerut |
||
| 300 |
_aviii,218p. : _bill. _c20cm(Hb) |
||
| 500 | _aIncludes bibliographical references. | ||
| 650 |
_aEconomic relations _97449 |
||
| 650 |
_aIndo-soviet relation _988860 |
||
| 942 |
_2ddc _cEN _h337.54047 _mPUN |
||
| 999 |
_c126944 _d126944 |
||